ბათუმის შოთა რუსთაველის სახელმწიფო უნივერსიტეტის ბიბლიოთეკა

სახელმწიფო ენის სწავლების საკითხები, პრობლემები და გამოწვევები. ივლისი 14-15 2011 / (ბიბ.ჩანაწერი № 55854)

000 -ლიდერი
ფიქსირებული სიგრძის საკონტროლო ველი 01234nam a2200217Ia 4500
001 - საკონტროლო ნომერი
საკონტროლო ველი 22951
003 - საკონტროლო ნომრის იდენტიფიკატორი
საკონტროლო ველი GE_BSU
005 - ბოლო ოპერაციის თარიღი და დრო
საკონტროლო ველი 20250909191110.0
008 - ფიქსირებული სიგრძის მონაცემთა ელემენტები - ზოგადი ინფორმაცია
ფიქსირებული სიგრძის საკონტროლო ველი 181216s2011||||ge |||||||||||||| ||geo||
040 ## - კატალოგიზაციის წყარო
Transcribing agency GE_BSU
041 ## - ენის კოდი
Language code of text/sound track or separate title geo
080 ## - უნივერსალური ათობითი კლასიფიკაციის ინდექსი
Universal Decimal Classification number 81'244+81'272+811.353.1'244 ს–36
245 ## - ცნობა სათაურის შესახებ
Title სახელმწიფო ენის სწავლების საკითხები, პრობლემები და გამოწვევები. ივლისი 14-15 2011 /
Statement of responsibility, etc სარედ. საბჭო: დ. თვალთვაძე ; ვანე ჯავახიშვილის სახელობის თბილისის სახელმწიფო უნივერსიტეტი.
264 ## - წარმოების, გამოცემის, დისტრიბუციის და სხვა ცნობები
გამოცემის, წარმოების, დისტრიბუციის... ადგილი თბილისი :
გამოცემის, წარმოების, დისტრიბუციის... სახელწოდება ?,
გამოცემის, წარმოების, დისტრიბუციის... თარიღი 2011.
300 ## - ფიზიკური აღწერა
Extent 185 გვ. ;
Dimensions 30 სმ.
653 ## - INDEX TERM--UNCONTROLLED
Uncontrolled term პრობლემები და გამოწვევები
653 ## - INDEX TERM--UNCONTROLLED
Uncontrolled term საერთაშორისო სამეცნიერო კონფერენცია
653 ## - INDEX TERM--UNCONTROLLED
Uncontrolled term სახელმწიფო ენის სწავლების საკითხები. ივლისი 14-15 2011
942 ## - ADDED ENTRY ELEMENTS (KOHA)
Koha item type წიგნი
Source of classification or shelving scheme
ეგზემპლარები
ჩამოწერის სტატუსი დაკარგული ეგზემპლარის სტატუსი კლასიფიკაციის წყარო ან თაროზე გაწყობის სქემა დაზიანების სტატუსი არ გაიცემა მუდმივი მდებარეობა (დაცვის ადგილი) ამჟამინდელი ადგილსამყოფელი თაროზე განთავსების ადგილი შეძენის თარიღი ღირებულება, შესყიდვის ნორმალური ფასი სრული შენახვის შიფრი შტრიხკოდი ბოლო ოპერაციის თარიღი ეგზემპლარის მიმდევრობითი ნომერი (კეტერი?) ფასის ძალაში შესვლის თარიღი ეგზემპლარის სახეობა საჯარო შენიშვნა
          ბათუმის შოთა რუსთაველის სახელმწიფო უნივერსიტეტის მთავარი ბიბლიოთეკა ბათუმის შოთა რუსთაველის სახელმწიფო უნივერსიტეტის მთავარი ბიბლიოთეკა წიგნსაცავი 2018-12-17 8.00 81'244+81'272+811.353.1'244 ს–36 28136 2018-12-17 28136 2018-12-17 წიგნი 8.00 ₾.
          ბათუმის შოთა რუსთაველის სახელმწიფო უნივერსიტეტის მთავარი ბიბლიოთეკა ბათუმის შოთა რუსთაველის სახელმწიფო უნივერსიტეტის მთავარი ბიბლიოთეკა წიგნსაცავი 2018-12-17 8.00 81'244+81'272+811.353.1'244 ს–36 28135 2018-12-17 28135 2018-12-17 წიგნი 8.00 ₾.